[Event "?"]
[Site "Mexico City MEX"]
[Date "2023.09.21"]
[Round "1.1"]
[White "Yip, Carissa"]
[Black "Mikic, Ivana"]
[Result "1-0"]
[WhiteElo "2372"]
[BlackElo "1836"]
[EventDate "2023.09.21"]
[PlyCount "63"]

1.e4 e5 2.Bc4 Bc5 3.Nc3 Nf6 4.d3 O-O 5.Bg5 Be7 6.f4 exf4 7.Bxf4 d6 8.Nf3 
Be6 9.Bb3 c5 10.O-O Nc6 11.Qd2 Bxb3 12.axb3 Nh5 13.Nd5 Nxf4 14.Qxf4 Nb4 
15.Nxe7+ Qxe7 16.Rf2 a6 17.Raf1 Rad8 18.Qg4 Qe6 19.Qg3 Qg6 20.Qf4 h6 21.
Qe3 Nc6 22.Nh4 Qg5 23.Qh3 Ne5 24.Nf5 Kh7 25.Ne3 g6 26.Nd5 Kg7 27.Rf4 h5 
28.Qe3 Kg8 29.Nf6+ Kh8 30.Qh3 Kg7 31.c3 Ng4 32.Rxg4 1-0

[Event "39th WCh U20 Girls"]
[Site "Mexico City MEX"]
[Date "2023.09.21"]
[Round "1.2"]
[White "Mayorga Araya, Sofia"]
[Black "Francisco, Candela"]
[Result "0-1"]
[WhiteElo "1825"]
[BlackElo "2345"]
[EventDate "2023.09.21"]
[PlyCount "56"]

1.e4 Nf6 2.e5 Nd5 3.c4 Nb6 4.d4 d6 5.exd6 exd6 6.Nc3 Nc6 7.Nf3 Bf5 8.Be3 
Be7 9.Be2 O-O 10.O-O Bf6 11.Bd3 Qd7 12.Ne4 Bxe4 13.Bxe4 Nxc4 14.Ng5 Nxe3 
15.Bxh7+ Kh8 16.fxe3 Bxg5 17.Bf5 Bxe3+ 18.Kh1 Qd8 19.Rf3 Bh6 20.Rh3 Qf6 
21.g4 Nxd4 22.Be4 Ne6 23.Rh5 Qf4 24.Bg2 g6 25.Rh3 Kg7 26.Qb3 Qe5 27.Rf1 
Bf4 28.Bd5 Nd4 0-1

[Event "39th WCh U20 Girls"]
[Site "Mexico City MEX"]
[Date "2023.09.21"]
[Round "1.4"]
[White "Mukul Aldana, Daniela Maria"]
[Black "Rakshitta, Ravi"]
[Result "0-1"]
[WhiteElo "1798"]
[BlackElo "2272"]
[EventDate "2023.09.21"]
[PlyCount "56"]

1.e4 d5 2.exd5 Nf6 3.d4 Bg4 4.Nf3 Qxd5 5.Be2 Nc6 6.Be3 O-O-O 7.Nbd2 e5 8.
c4 Qa5 9.d5 e4 10.Ng5 Ne5 11.Bd4 Bxe2 12.Qxe2 h6 13.O-O hxg5 14.Bxe5 Re8 
15.Bd4 Qa4 16.Rac1 Qd7 17.Rfd1 Bd6 18.Nf1 Bf4 19.Rc3 Be5 20.Bxe5 Rxe5 21.
d6 c6 22.c5 Nd5 23.Ra3 Nf4 24.Qc2 Kb8 25.b4 Qg4 26.Ne3 Qh5 27.d7 Qxh2+ 28.
Kf1 Qh1# 0-1

[Event "39th WCh U20 Girls"]
[Site "Mexico City MEX"]
[Date "2023.09.21"]
[Round "1.5"]
[White "Hryzlova, Sofiia"]
[Black "Hernandez Diaz, Paula Sofia"]
[Result "1-0"]
[WhiteElo "2228"]
[BlackElo "1796"]
[EventDate "2023.09.21"]
[PlyCount "127"]

1.d4 Nf6 2.g3 e6 3.c4 d5 4.Nf3 Bb4+ 5.Bd2 a5 6.Bg2 dxc4 7.Qc2 Bxd2+ 8.
Nbxd2 b5 9.a4 c6 10.b3 cxb3 11.Nxb3 O-O 12.O-O Ra6 13.Ne5 Nd5 14.Nd3 b4 
15.Nb2 Ra7 16.Nd1 Qe7 17.e4 Nb6 18.Ne3 e5 19.dxe5 Qxe5 20.f4 Qe7 21.Rfe1 
Be6 22.Nd4 c5 23.Nb5 c4 24.f5 Bc8 25.Nxa7 Qxa7 26.Qf2 Qe7 27.e5 N8d7 28.f6
gxf6 29.Ng4 fxe5 30.Nxe5 Qc5 31.Rad1 Qxf2+ 32.Kxf2 Nc5 33.Rd6 Nbxa4 34.
Nxc4 Nb3 35.Re5 Nac5 36.Nxa5 f6 37.Red5 Nxa5 38.Rxc5 Nb7 39.Bxb7 Bxb7 40.
Rb6 Be4 41.Rxb4 Bg6 42.Rbc4 Bf7 43.Rc3 Be6 44.Rc6 Bd7 45.Rd6 Bg4 46.Rc4 
Bh5 47.Rcd4 Kg7 48.Rd7+ Bf7 49.Rd8 Rxd8 50.Rxd8 Kg6 51.Rb8 Kg5 52.Rb4 Bg6 
53.Ke3 Bc2 54.Kd4 Bg6 55.Kd5 Bf7+ 56.Kd6 Bg6 57.Ke6 f5 58.Rf4 Bh5 59.Rxf5+
Kh6 60.Kf6 Bg6 61.Rf4 Bh5 62.Rb4 Bg6 63.Rh4+ Bh5 64.Kf5 1-0

[Event "39th WCh U20 Girls"]
[Site "Mexico City MEX"]
[Date "2023.09.21"]
[Round "1.6"]
[White "Oviedo Acosta, Paula"]
[Black "Krasteva, Beloslava"]
[Result "0-1"]
[WhiteElo "1786"]
[BlackElo "2223"]
[EventDate "2023.09.21"]
[PlyCount "122"]

1.e4 c5 2.Nf3 e6 3.d4 cxd4 4.Nxd4 Nc6 5.Nc3 Qc7 6.a3 a6 7.Nxc6 Qxc6 8.Bd3 
Nf6 9.Qf3 Bd6 10.O-O O-O 11.Bg5 Be5 12.Rfe1 d6 13.Rad1 h6 14.Bc1 b5 15.Nb1
Bb7 16.c3 Qc7 17.Qh3 Nd7 18.Bc2 Rfd8 19.Nd2 d5 20.Nf3 dxe4 21.Nxe5 Qxe5 
22.Be3 Qc7 23.Qh4 Nb6 24.Bxb6 Qxb6 25.Bxe4 Bxe4 26.Qxe4 Rac8 27.Qh4 Rd6 
28.Qe7 Rcd8 29.Rxd6 Qxd6 30.Qxd6 Rxd6 31.Kf1 Kf8 32.Ke2 Ke7 33.Ra1 Rc6 34.
a4 b4 35.Kd3 bxc3 36.b3 e5 37.Rc1 Rg6 38.Rg1 Rf6 39.Rf1 Rg6 40.Rg1 Rf6 41.
Rf1 Rd6+ 42.Kxc3 f5 43.Re1 Ke6 44.Re2 Rc6+ 45.Kb4 Rb6+ 46.Kc4 a5 47.Rd2 e4
48.g3 g5 49.Re2 Ke5 50.Rd2 Ke6 51.Rb2 f4 52.Kd4 Kf5 53.h3 Rd6+ 54.Kc5 Rd1 
55.b4 axb4 56.a5 e3 57.a6 Ke4 58.gxf4 gxf4 59.fxe3 fxe3 60.a7 Ra1 61.Kxb4 
Rxa7 0-1

[Event "39th WCh U20 Girls"]
[Site "Mexico City MEX"]
[Date "2023.09.21"]
[Round "1.7"]
[White "Lu Miaoyi"]
[Black "Yedigarian, Asya"]
[Result "1/2-1/2"]
[WhiteElo "2214"]
[BlackElo "1786"]
[EventDate "2023.09.21"]
[PlyCount "138"]

1.e4 c6 2.d4 d5 3.e5 Bf5 4.h4 h5 5.c4 e6 6.Nc3 Ne7 7.Nge2 Bg6 8.Bg5 Nd7 9.
Nf4 Qb6 10.Bxe7 Bxe7 11.Nxg6 fxg6 12.Qc2 Qxd4 13.Qxg6+ Kd8 14.Rh3 Rf8 15.
Re3 Qxh4 16.Re2 Qg4 17.Qh7 Bb4 18.cxd5 cxd5 19.a3 Bxc3+ 20.bxc3 Rc8 21.Qb1
b6 22.Qb2 Nc5 23.Re3 Ne4 24.Qb4 Rxf2 25.Rxe4 Rxf1+ 26.Kxf1 dxe4 27.Qd6+ 
Ke8 28.Kg1 Rd8 29.Qc6+ Ke7 30.Rf1 Rd1 31.Qb7+ Ke8 32.Qa8+ Ke7 33.Qxa7+ Ke8
34.Qa4+ Rd7 35.Qa8+ Rd8 36.Qa4+ Rd7 37.Qa8+ Rd8 38.Qc6+ Rd7 39.Qxb6 h4 40.
Qb8+ Rd8 41.Qb7 Rd1 42.Qa8+ Ke7 43.Qa7+ Kd8 44.Qa5+ Kc8 45.Qc5+ Kb8 46.
Rxd1 Qxd1+ 47.Kh2 Qg4 48.Qe3 Kb7 49.a4 Qf5 50.Qd4 Qf4+ 51.Kg1 Qc1+ 52.Kf2 
Qf4+ 53.Kg1 Qc1+ 54.Kf2 Qf4+ 55.Ke2 Qg4+ 56.Kf1 Qf4+ 57.Ke2 Qg4+ 58.Kf1 
Qf4+ 59.Ke1 Qg3+ 60.Kd1 Qxg2 61.Qd7+ Kb8 62.Qd8+ Kb7 63.Qe7+ Kb8 64.Qd8+ 
Kb7 65.Qd7+ Kb8 66.Qd6+ Kb7 67.Qd7+ Kb8 68.Qd6+ Kb7 69.Qe7+ Kb8 1/2-1/2

[Event "39th WCh U20 Girls"]
[Site "Mexico City MEX"]
[Date "2023.09.21"]
[Round "1.9"]
[White "Kanyamarala, Trisha"]
[Black "Saravanan, Durga"]
[Result "1-0"]
[WhiteElo "2184"]
[BlackElo "1757"]
[EventDate "2023.09.21"]
[PlyCount "153"]

1.d4 Nf6 2.c4 e6 3.Nf3 d5 4.Nc3 Bb4 5.cxd5 exd5 6.Qc2 O-O 7.Bg5 h6 8.Bh4 
Be7 9.e3 c6 10.Bd3 Nbd7 11.O-O Nh5 12.Bxe7 Qxe7 13.Rfe1 Qd6 14.a3 Nhf6 15.
b4 Re8 16.Rab1 Nf8 17.h3 Be6 18.Ne5 N6d7 19.f4 Nxe5 20.dxe5 Qe7 21.Qf2 
Rad8 22.e4 d4 23.Ne2 c5 24.bxc5 Qxc5 25.Rxb7 Bc8 26.Rb4 a5 27.Rbb1 Qxa3 
28.Qg3 Qe7 29.Ra1 Ng6 30.e6 Nf8 31.exf7+ Qxf7 32.Rxa5 Qc7 33.Rh5 Kh8 34.
Rc1 Qf7 35.Ra5 Bb7 36.e5 Qe7 37.Rb1 Ra8 38.Rxa8 Bxa8 39.f5 Bc6 40.Rc1 Bd5 
41.e6 Qf6 42.Rc7 Bxe6 43.fxe6 Nxe6 44.Rc6 Qd8 45.Rd6 Qe7 46.Qe5 Qg5 47.
Qxg5 Nxg5 48.Rxd4 Nf7 49.Nf4 Kg8 50.Bc4 Re7 51.Ng6 Rc7 52.Ne5 Ra7 53.Bxf7+
Kf8 54.Rd8+ Ke7 55.Nc6+ Kxf7 56.Nxa7 Kf6 57.Nb5 Ke7 58.Ra8 Kf6 59.Ra6+ Kf5
60.g4+ Kg5 61.Nd4 g6 62.Nf3+ Kf4 63.Rxg6 Kxf3 64.Rxh6 Kf4 65.Rg6 Ke5 66.h4
Kf4 67.h5 Kg3 68.h6 Kf4 69.h7 Kg3 70.h8=Q Kf3 71.Qf8+ Ke4 72.Re6+ Kd5 73.
Qf5+ Kd4 74.Re4+ Kd3 75.Qf3+ Kd2 76.Re2+ Kd1 77.Qf1# 1-0

[Event "39th WCh U20 Girls"]
[Site "Mexico City MEX"]
[Date "2023.09.21"]
[Round "1.10"]
[White "Guzman Garcia, Mia Fernanda"]
[Black "Getman, Tatyana"]
[Result "0-1"]
[WhiteElo "1753"]
[BlackElo "2172"]
[EventDate "2023.09.21"]
[PlyCount "53"]

1.e4 c5 2.Nf3 d6 3.d4 cxd4 4.Nxd4 Nf6 5.Nc3 a6 6.Be3 e5 7.Nb3 Be6 8.Be2 
Be7 9.O-O O-O 10.Qd2 Nbd7 11.a4 Nb6 12.Rfe1 Rc8 13.a5 Nc4 14.Bxc4 Rxc4 15.
f3 Qc8 16.Rec1 Qc6 17.Rd1 Rc8 18.Bg5 Rd8 19.Qd3 h6 20.Bh4 Rb4 21.Nd5 Bxd5 
22.Bxf6 Bxf6 23.exd5 Qb5 24.Qxb5 Rxb5 25.Rd3 Rc8 26.Rd2 Bg5 27.Re2 0-1

[Event "39th WCh U20 Girls"]
[Site "Mexico City MEX"]
[Date "2023.09.21"]
[Round "1.11"]
[White "Obregon Garcia, Roxangel"]
[Black "Koksa, Jelena"]
[Result "1/2-1/2"]
[WhiteElo "2171"]
[BlackElo "1748"]
[EventDate "2023.09.21"]
[PlyCount "89"]

1.e4 e5 2.Nf3 Nc6 3.Bb5 Bc5 4.c3 Nf6 5.d4 exd4 6.e5 Ne4 7.O-O Be7 8.Re1 d5
9.exd6 Nxd6 10.Bxc6+ bxc6 11.Nxd4 Bd7 12.Qe2 h6 13.Nd2 Nf5 14.N2b3 Nxd4 
15.Nxd4 c5 16.Bf4 cxd4 17.Bxc7 Bg4 18.Qe4 Qxc7 19.Qxa8+ Bc8 20.cxd4 O-O 
21.Rac1 Qd7 22.Qc6 Qxc6 23.Rxc6 Bf6 24.Rd1 Re8 25.h3 Be6 26.Ra6 Re7 27.b3 
Rd7 28.d5 Bf5 29.Ra4 Bc2 30.Rc1 Bd3 31.Rd1 Be2 32.Rd2 Bb5 33.Re4 Rd6 34.f3
Bd7 35.Rc4 Bg5 36.f4 Bd8 37.Kh2 Bb6 38.Kg3 h5 39.Kf3 g6 40.Ke4 Bf5+ 41.Kf3
Kg7 42.Rc6 Rd8 43.g4 hxg4+ 44.hxg4 Bd7 45.Rc1 1/2-1/2

[Event "39th WCh U20 Girls"]
[Site "Mexico City MEX"]
[Date "2023.09.21"]
[Round "1.12"]
[White "Finley Rosero, Karol Valentina"]
[Black "Hernandez Gil, Ineymig"]
[Result "0-1"]
[WhiteElo "1734"]
[BlackElo "2170"]
[EventDate "2023.09.21"]
[PlyCount "90"]

1.e4 c6 2.d4 d5 3.Nc3 dxe4 4.Nxe4 Nf6 5.Nxf6+ exf6 6.Nf3 Bd6 7.Bd3 O-O 8.
O-O Bg4 9.c3 Nd7 10.Bc2 Re8 11.Qd3 g6 12.h3 Bf5 13.Qd2 Bxc2 14.Qxc2 Nf8 
15.Be3 Ne6 16.Rad1 f5 17.d5 cxd5 18.Qb3 f4 19.Bd4 Qc7 20.Qxd5 Rad8 21.Be5 
Bxe5 22.Qxe5 Qxe5 23.Nxe5 f6 24.Nf3 Kf7 25.Rfe1 g5 26.Kf1 h5 27.Nd2 Rd5 
28.Nc4 Red8 29.Rxd5 Rxd5 30.Ke2 b6 31.Rd1 f3+ 32.gxf3 Nf4+ 33.Ke1 Rxd1+ 
34.Kxd1 Ke6 35.h4 gxh4 36.Nd2 h3 37.Nf1 Nd3 38.Kd2 Nxb2 39.Ke3 h4 40.Kf4 
Nd1 41.Kg4 Nxc3 42.Kxh3 Nxa2 43.Kxh4 a5 44.Nd2 a4 45.Kg4 Nc1 0-1

[Event "39th WCh U20 Girls"]
[Site "Mexico City MEX"]
[Date "2023.09.21"]
[Round "1.13"]
[White "Demchenko, Svitlana"]
[Black "Hernandez Ortega, Carolina"]
[Result "1-0"]
[WhiteElo "2169"]
[BlackElo "1729"]
[EventDate "2023.09.21"]
[PlyCount "87"]

1.d4 Nf6 2.Nf3 e6 3.Bf4 b6 4.e3 Bb7 5.Bd3 Be7 6.h3 d6 7.Nbd2 Nbd7 8.Qe2 c5
9.c3 O-O 10.e4 Qc7 11.Bh2 cxd4 12.cxd4 Rfe8 13.O-O Rac8 14.e5 dxe5 15.dxe5
Nd5 16.a3 Nc5 17.Rac1 Qd7 18.Bb5 Bc6 19.Bxc6 Rxc6 20.Nc4 Nb3 21.Rcd1 Rec8 
22.Ne3 Rc5 23.Qd3 Qa4 24.Nxd5 Rxd5 25.Qe2 Rcd8 26.Bg3 Rxd1 27.Rxd1 Rxd1+ 
28.Qxd1 Nc5 29.Qc1 Qd7 30.b4 Ne4 31.Bf4 a5 32.Qc2 Qb7 33.Nd4 h6 34.Nc6 Ng5
35.bxa5 Bxa3 36.Nd8 Qb8 37.axb6 Qxb6 38.Qc8 Bf8 39.Be3 Qb1+ 40.Kh2 Qb2 41.
Qc7 Qa3 42.Bxg5 hxg5 43.Qxf7+ Kh7 44.Nxe6 1-0

[Event "39th WCh U20 Girls"]
[Site "Mexico City MEX"]
[Date "2023.09.21"]
[Round "1.14"]
[White "Duque, Raquel dos Santos"]
[Black "Rodriguez Redondo, Adhara"]
[Result "0-1"]
[WhiteElo "1728"]
[BlackElo "2135"]
[EventDate "2023.09.21"]
[PlyCount "62"]

1.c4 e6 2.Nf3 d5 3.g3 Nf6 4.Bg2 Be7 5.O-O O-O 6.b3 d4 7.e3 c5 8.exd4 cxd4 
9.d3 Nc6 10.Re1 Re8 11.Na3 Bb4 12.Rf1 e5 13.Nc2 Bc3 14.Rb1 Bf5 15.b4 e4 
16.dxe4 Bxe4 17.Bd2 Bd3 18.Re1 Bxc4 19.Bxc3 dxc3 20.b5 Qxd1 21.Rexd1 Na5 
22.a3 Rac8 23.Nfd4 g6 24.Ne3 Ne4 25.Rb4 Nd2 26.Ra4 Bb3 27.Nxb3 Ndxb3 28.
Nc2 Re2 29.Be4 Rd2 30.Rb1 f5 31.Na1 fxe4 0-1

[Event "39th WCh U20 Girls"]
[Site "Mexico City MEX"]
[Date "2023.09.21"]
[Round "1.15"]
[White "Goraj, Barbara"]
[Black "Montano Vicente, Guadalupe"]
[Result "1-0"]
[WhiteElo "2135"]
[BlackElo "1727"]
[EventDate "2023.09.21"]
[PlyCount "109"]

1.e4 c5 2.Nf3 d6 3.d4 cxd4 4.Nxd4 Nf6 5.Nc3 a6 6.h4 e5 7.Nb3 Be6 8.f4 Qc7 
9.f5 Bc4 10.Bxc4 Qxc4 11.Bg5 Nxe4 12.Qd5 Qxd5 13.Nxd5 Ra7 14.Be3 Nc5 15.a4
b6 16.Nxb6 Rb7 17.a5 Nbd7 18.Nxc5 dxc5 19.Nc4 Be7 20.O-O-O O-O 21.Rd5 e4 
22.Rhd1 Nf6 23.Re5 Ng4 24.Rxe4 Nxe3 25.Nxe3 Bd8 26.Nc4 Rb5 27.Rd6 Bxa5 28.
Rxa6 Bd8 29.b3 Bf6 30.Kd2 h6 31.Ke2 Rd8 32.Rd6 Rbb8 33.g3 Kf8 34.Re3 Bd4 
35.Rxd8+ Rxd8 36.Rd3 Re8+ 37.Kd2 Re4 38.c3 Bf6 39.Re3 Rxe3 40.Nxe3 Be5 41.
g4 Ke7 42.Kd3 Kd7 43.h5 Kc6 44.Kc4 Bf4 45.Nd5 Be5 46.Ne3 Bf4 47.Nd1 Bg3 
48.Nb2 Bf4 49.Nd3 Bd6 50.Nf2 Bf4 51.Ne4 Be3 52.g5 Bxg5 53.Nxg5 hxg5 54.f6 
gxf6 55.h6 1-0

[Event "39th WCh U20 Girls"]
[Site "Mexico City MEX"]
[Date "2023.09.21"]
[Round "1.16"]
[White "Benito De Leo, Estefania"]
[Black "Zhang Xiao"]
[Result "0-1"]
[WhiteElo "1712"]
[BlackElo "2128"]
[EventDate "2023.09.21"]
[PlyCount "52"]

1.e4 c6 2.d4 d5 3.exd5 cxd5 4.c4 Nf6 5.Nc3 Nc6 6.Nf3 g6 7.c5 a6 8.Be2 Bg7 
9.O-O O-O 10.a3 Bf5 11.b4 Ne4 12.Bb2 e6 13.h3 h5 14.b5 axb5 15.Nxb5 Nxc5 
16.Nd2 Na4 17.Qb3 Bxh3 18.Qxh3 Nxb2 19.Nb3 Nc4 20.Rfc1 Nd6 21.Nxd6 Qxd6 
22.a4 Nxd4 23.Nxd4 Bxd4 24.Rab1 Rxa4 25.Rxb7 Bxf2+ 26.Kh1 Rh4 0-1

[Event "39th WCh U20 Girls"]
[Site "Mexico City MEX"]
[Date "2023.09.21"]
[Round "1.17"]
[White "Bommini, Mounika Akshaya"]
[Black "Brito Carrascal, Isabela"]
[Result "1-0"]
[WhiteElo "2096"]
[BlackElo "1708"]
[EventDate "2023.09.21"]
[PlyCount "95"]

1.d4 Nf6 2.c4 e6 3.Nc3 Bb4 4.e3 b6 5.Ne2 c5 6.a3 Ba5 7.Rb1 Na6 8.g3 Bb7 9.
d5 exd5 10.Bg2 O-O 11.O-O d6 12.cxd5 Bc8 13.e4 Re8 14.Qd3 Bxc3 15.Nxc3 Nc7
16.b4 cxb4 17.axb4 a5 18.b5 Nd7 19.Be3 Rb8 20.Ne2 Nc5 21.Qc2 Bd7 22.Nd4 
Qe7 23.Rfe1 Rec8 24.Bf4 f6 25.Qd1 Ne8 26.Bf3 a4 27.Ra1 Ra8 28.Ra3 Nc7 29.
Bg4 Re8 30.Nc6 Bxc6 31.dxc6 Nxb5 32.Ra1 Kh8 33.Qd5 Red8 34.Qc4 Nc7 35.Qc3 
b5 36.Bf3 Ra6 37.Rad1 N7e6 38.Be3 Rb8 39.Qb4 a3 40.Be2 Ra4 41.Qb1 Nxe4 42.
Bxb5 Nc3 43.Qc2 Rxb5 44.Qxc3 a2 45.Ra1 Rba5 46.Qb3 h6 47.Bd2 Rd4 48.Bxa5 
1-0

[Event "39th WCh U20 Girls"]
[Site "Mexico City MEX"]
[Date "2023.09.21"]
[Round "1.18"]
[White "Middleton, Jody"]
[Black "Vanduyfhuys, Daria"]
[Result "0-1"]
[WhiteElo "1699"]
[BlackElo "2088"]
[EventDate "2023.09.21"]
[PlyCount "96"]

1.d4 Nf6 2.c4 e6 3.Nc3 Bb4 4.e3 O-O 5.Ne2 d5 6.a3 Be7 7.cxd5 exd5 8.Nf4 c6
9.Bd3 Re8 10.O-O Nbd7 11.f3 Nf8 12.Kh1 Ne6 13.Re1 Bd6 14.Nxe6 Bxe6 15.e4 
dxe4 16.Nxe4 Be7 17.Be3 Nd5 18.Bf2 Nf4 19.Bc2 Bd5 20.Qd2 Ne6 21.Rad1 g6 
22.Bg3 Bxe4 23.fxe4 Bf6 24.e5 Bh4 25.Bxh4 Qxh4 26.Re4 Qe7 27.Rg4 Rad8 28.
Qh6 Qf8 29.Qh3 c5 30.Ba4 Re7 31.Rh4 Qg7 32.d5 Nd4 33.e6 b5 34.exf7+ Rxf7 
35.Rhxd4 cxd4 36.Bb3 Kh8 37.Qd3 a6 38.h3 Rf2 39.Rd2 Rxd2 40.Qxd2 Qe5 41.
Qf2 Rc8 42.g3 Kg7 43.d6 Qxd6 44.Qf7+ Kh8 45.Be6 Rf8 46.Qd7 Qxd7 47.Bxd7 d3
48.Bg4 h5 0-1

[Event "39th WCh U20 Girls"]
[Site "Mexico City MEX"]
[Date "2023.09.21"]
[Round "1.19"]
[White "Ter-Avetisjana, Agnesa Stepania"]
[Black "Cabrera Cruz, Brenda Elisa"]
[Result "1-0"]
[WhiteElo "2080"]
[BlackElo "1682"]
[EventDate "2023.09.21"]
[PlyCount "63"]

1.e4 c5 2.Nf3 Nc6 3.Bb5 g6 4.O-O Bg7 5.Re1 Nf6 6.c3 O-O 7.d4 cxd4 8.cxd4 
d5 9.e5 Ne8 10.Nc3 Bg4 11.Bxc6 bxc6 12.h3 Bxf3 13.Qxf3 Nc7 14.Na4 Ne6 15.
Qc3 Qd7 16.Be3 Rab8 17.Rac1 Rfc8 18.Re2 Rb5 19.Rec2 Qb7 20.b3 Rc7 21.f4 
Qc8 22.Qd3 f5 23.Rc3 Bf8 24.Qc2 c5 25.Nxc5 Nxc5 26.Rxc5 Rbxc5 27.dxc5 e6 
28.b4 Qa6 29.a4 Be7 30.b5 Qc8 31.c6 Qb8 32.Bc5 1-0

[Event "39th WCh U20 Girls"]
[Site "Mexico City MEX"]
[Date "2023.09.21"]
[Round "1.20"]
[White "Tec Rodas, Sofia Isavelina"]
[Black "Walter, Ema"]
[Result "0-1"]
[WhiteElo "1675"]
[BlackElo "2063"]
[EventDate "2023.09.21"]
[PlyCount "104"]

1.e4 e5 2.Nf3 Nc6 3.d4 exd4 4.Nxd4 Nf6 5.Nxc6 bxc6 6.Bd3 d5 7.exd5 cxd5 8.
O-O Be7 9.c4 O-O 10.cxd5 Bb7 11.Nc3 Nxd5 12.Qh5 g6 13.Qh3 Nxc3 14.bxc3 Bf6
15.Rb1 Qd5 16.Rd1 Rfe8 17.Bf4 Rad8 18.Bxc7 Rd7 19.c4 Qxg2+ 20.Qxg2 Bxg2 
21.Kxg2 Rxc7 22.Kf3 Re6 23.Rdc1 Bd4 24.Rc2 a6 25.Re2 Rf6+ 26.Kg2 Rc5 27.
Rb8+ Kg7 28.Rd8 Rg5+ 29.Kf1 Rg4 30.Ke1 Rg1+ 31.Kd2 Bxf2 32.Be4 Ra1 33.Kd3 
Rd1+ 34.Rd2 Rxd2+ 35.Kxd2 Bb6 36.Rb8 Bc7 37.Rb7 Bxh2 38.Bd5 Bd6 39.Ke3 
Bc5+ 40.Ke4 h5 41.Rc7 Bb6 42.Rc8 g5 43.c5 Ba5 44.c6 Rf4+ 45.Ke3 Bb6+ 46.
Ke2 Rd4 47.Bb3 Re4+ 48.Kf3 Re3+ 49.Kg2 Rc3 50.Bd5 h4 51.Rb8 h3+ 52.Kh2 
Bc7+ 0-1

[Event "39th WCh U20 Girls"]
[Site "Mexico City MEX"]
[Date "2023.09.21"]
[Round "1.21"]
[White "Djidjeli, Sarah"]
[Black "Garcia Hernandez, Rebeca"]
[Result "1-0"]
[WhiteElo "2058"]
[BlackElo "1671"]
[EventDate "2023.09.21"]
[PlyCount "105"]

1.e4 c5 2.Nf3 d6 3.Bb5+ Bd7 4.Bxd7+ Nxd7 5.c3 Ngf6 6.Qe2 Rc8 7.O-O e6 8.d4
cxd4 9.cxd4 d5 10.e5 Ne4 11.Nbd2 Nxd2 12.Bxd2 Be7 13.Qd3 O-O 14.Rfe1 Re8 
15.g3 Nf8 16.Kg2 Qb6 17.b3 Rc6 18.h4 Bb4 19.h5 Rec8 20.h6 g6 21.Rac1 Bxd2 
22.Qxd2 Qd8 23.Nh2 Nd7 24.Ng4 Qe7 25.a4 a6 26.Rxc6 Rxc6 27.Rc1 Nb8 28.b4 
b5 29.axb5 axb5 30.Rxc6 Nxc6 31.Qc3 Qb7 32.Nf6+ Kh8 33.Qc5 Qc8 34.Kh2 Qa8 
35.Ng4 Qe8 36.Qxb5 Qd7 37.Nf6 Qc7 38.Qc5 Qc8 39.b5 Na7 40.Qxa7 Qf8 41.Kg2 
g5 42.Qd7 g4 43.Qe8 Qxe8 44.Nxe8 Kg8 45.b6 Kf8 46.b7 Kxe8 47.b8=Q+ Ke7 48.
Qg8 Kd7 49.Qxf7+ Kd8 50.Qxh7 Ke8 51.Qg7 Kd8 52.h7 Kc8 53.h8=R# 1-0

[Event "39th WCh U20 Girls"]
[Site "Mexico City MEX"]
[Date "2023.09.21"]
[Round "1.22"]
[White "Amulya, Guruprasad"]
[Black "Sosovickova, Jana"]
[Result "0-1"]
[WhiteElo "1633"]
[BlackElo "2045"]
[EventDate "2023.09.21"]
[PlyCount "96"]

1.e4 e5 2.Nf3 Nc6 3.Nc3 Nf6 4.a3 d6 5.Bb5 Bd7 6.d4 exd4 7.Nxd4 Be7 8.Bxc6 
bxc6 9.O-O O-O 10.b4 a5 11.Bb2 Rb8 12.f4 axb4 13.axb4 Rxb4 14.Ba3 Rb8 15.
Kh1 c5 16.Nde2 Ng4 17.Qd3 Bf6 18.h3 Bxc3 19.Nxc3 Nf6 20.e5 Ne8 21.Rad1 Qc8
22.f5 Bc6 23.Qg3 f6 24.e6 Qa6 25.Bc1 Rb4 26.Rfe1 Qc4 27.Ba3 Qh4 28.Qe3 Rg4
29.Nd5 Bxd5 30.Rxd5 Rg3 31.e7 Rf7 32.Qe6 Rxa3 33.Rb1 Qf2 34.Qd7 Rxh3+ 35.
gxh3 Qf3+ 36.Kg1 Qe3+ 37.Kg2 Rxe7 38.Qc6 Qe2+ 39.Kg1 Qe3+ 40.Kg2 Qg5+ 41.
Kh1 Re2 42.Rd3 Qf4 43.Qg2 Rxg2 44.Kxg2 Qe4+ 45.Kg1 Qxf5 46.Re1 Kf7 47.Rde3
Qd7 48.c4 f5 0-1

[Event "39th WCh U20 Girls"]
[Site "Mexico City MEX"]
[Date "2023.09.21"]
[Round "1.23"]
[White "Sultanbek, Zeinep"]
[Black "Viana, Valeria"]
[Result "1-0"]
[WhiteElo "2022"]
[BlackElo "1620"]
[EventDate "2023.09.21"]
[PlyCount "135"]

1.d4 d5 2.g3 Nf6 3.Bg2 e6 4.Nf3 c5 5.O-O Nc6 6.c4 dxc4 7.Qa4 Bd7 8.Qxc4 b5
9.Qd3 c4 10.Qd1 Bd6 11.Bg5 Be7 12.Ne5 Rc8 13.Nc3 a6 14.e4 O-O 15.Bf4 Be8 
16.Nxc6 Bxc6 17.d5 b4 18.dxc6 bxc3 19.bxc3 Rxc6 20.Qa4 Qa8 21.Bg5 e5 22.
Rad1 h6 23.Bxf6 Bxf6 24.Rd7 Rd8 25.Rfd1 Rxd7 26.Rxd7 Qc8 27.Rd5 Rb6 28.Bf1
Rb1 29.Rd1 Rxd1 30.Qxd1 Qc6 31.Qe2 Bg5 32.Qxc4 Qxc4 33.Bxc4 a5 34.Bd5 Bd2 
35.c4 Bb4 36.Kg2 Kf8 37.f4 exf4 38.gxf4 Ke7 39.Kf3 g6 40.e5 Bc5 41.h3 f6 
42.exf6+ Kxf6 43.Ke4 Bd6 44.Bb7 Ke7 45.a4 Kd7 46.Bd5 Ke7 47.Bg8 Kf8 48.Be6
Ke7 49.Bg4 Kd8 50.Be6 Ke7 51.Bd5 Kf6 52.Bb7 Ke7 53.Bc8 Kd8 54.Bg4 Ke8 55.
Bd1 Kd7 56.Bb3 Kc6 57.Kf3 Kc5 58.Kg4 Kb4 59.Bc2 Kxc4 60.Bxg6 Kd5 61.Bf5 
Bc7 62.Bc8 Ke4 63.Bb7+ Ke3 64.f5 Be5 65.Kh5 Kf4 66.Bc8 Bf6 67.Kxh6 Kg3 68.
Kg6 1-0

[Event "39th WCh U20 Girls"]
[Site "Mexico City MEX"]
[Date "2023.09.21"]
[Round "1.24"]
[White "Faganel, Kaja"]
[Black "Tomasi, Elise"]
[Result "0-1"]
[WhiteElo "1615"]
[BlackElo "2021"]
[EventDate "2023.09.21"]
[PlyCount "80"]

1.b4 d5 2.Bb2 e6 3.e3 Nf6 4.a3 Be7 5.Nf3 O-O 6.c4 c5 7.bxc5 Bxc5 8.d4 Be7 
9.Nbd2 a6 10.a4 Nc6 11.Be2 Rb8 12.Ne5 dxc4 13.Bxc4 Nxe5 14.dxe5 Nd5 15.O-O
b5 16.axb5 axb5 17.Be2 b4 18.Qb3 Nf4 19.exf4 Qxd2 20.Bf3 Bb7 21.Bxb7 Rxb7 
22.Bc1 Qd4 23.Be3 Qd7 24.Rfd1 Qb5 25.Rdc1 h6 26.Rc4 Rd8 27.h3 Qd5 28.Rac1 
Bf8 29.Qa4 b3 30.Rd4 Qxd4 31.Bxd4 Rb4 32.Qa3 Rdxd4 33.Qb2 Rd8 34.Rc3 Rdb8 
35.g4 R4b5 36.Kg2 Bc5 37.Rd3 Rb4 38.Kf3 Bd4 39.Qb1 b2 40.Kg2 Ra4 0-1

[Event "39th WCh U20 Girls"]
[Site "Mexico City MEX"]
[Date "2023.09.21"]
[Round "1.26"]
[White "Stephenson, Amy"]
[Black "Mikheeva, Galina"]
[Result "0-1"]
[WhiteElo "1570"]
[BlackElo "1969"]
[EventDate "2023.09.21"]
[PlyCount "68"]

1.e4 e5 2.Nf3 Nc6 3.Bc4 Bc5 4.c3 Nf6 5.d3 O-O 6.O-O d5 7.exd5 Nxd5 8.b4 
Be7 9.b5 Na5 10.Bxd5 Qxd5 11.c4 Qd7 12.Nc3 c6 13.Re1 f6 14.a4 Rd8 15.d4 
exd4 16.Ne2 Bb4 17.Bd2 Bxd2 18.Nxd2 Qf7 19.Rc1 Bf5 20.Nf4 Re8 21.h3 Rxe1+ 
22.Qxe1 Qc7 23.Nh5 Bg6 24.Qd1 Re8 25.Qg4 Re5 26.Nf4 Bf7 27.Nf3 Re4 28.Qf5 
Qxf4 29.Qxf4 Rxf4 30.Nd2 d3 31.Kf1 Nxc4 32.Nxc4 Rxc4 33.Rxc4 Bxc4 34.Ke1 
cxb5 0-1

[Event "39th WCh U20 Girls"]
[Site "Mexico City MEX"]
[Date "2023.09.22"]
[Round "2.1"]
[White "Sosovickova, Jana"]
[Black "Yip, Carissa"]
[Result "0-1"]
[WhiteElo "2045"]
[BlackElo "2372"]
[EventDate "2023.09.21"]
[PlyCount "80"]

1.e4 e5 2.Nf3 Nc6 3.Nc3 Nf6 4.Bb5 Bc5 5.O-O O-O 6.d3 Nd4 7.Nxd4 Bxd4 8.Ne2
Bb6 9.Ng3 c6 10.Ba4 d5 11.h3 Nd7 12.c3 Re8 13.Qf3 Nc5 14.Bc2 a5 15.a4 Be6 
16.Be3 g6 17.Rfd1 d4 18.cxd4 exd4 19.Bh6 Bc7 20.Ne2 b5 21.Rdc1 Bb3 22.axb5
cxb5 23.Bd1 Bxd1 24.Rxc5 Bxe2 25.Qxe2 Qd6 26.Rxc7 Qxc7 27.Rc1 Qe7 28.Qg4 
Qe6 29.Qg5 Qe5 30.Qg4 b4 31.f4 Qh5 32.Qxh5 gxh5 33.Rc5 Re6 34.Rg5+ Rg6 35.
Rxh5 a4 36.f5 Rxh6 37.Rxh6 a3 38.bxa3 bxa3 39.Rc6 a2 40.Rc1 a1=Q 0-1

[Event "39th WCh U20 Girls"]
[Site "Mexico City MEX"]
[Date "2023.09.22"]
[Round "2.2"]
[White "Francisco, Candela"]
[Black "Sultanbek, Zeinep"]
[Result "1/2-1/2"]
[WhiteElo "2345"]
[BlackElo "2022"]
[EventDate "2023.09.21"]
[PlyCount "83"]

1.e4 c5 2.Nf3 d6 3.Bb5+ Nd7 4.a4 Nf6 5.Qe2 e6 6.O-O Be7 7.c3 a6 8.Bd3 Qc7 
9.Bc2 Ne5 10.Nxe5 dxe5 11.d3 O-O 12.Nd2 Bd7 13.a5 Rad8 14.Nc4 Bb5 15.Bg5 
Bxc4 16.dxc4 h6 17.Be3 Kh8 18.g3 Qc6 19.f3 Nh7 20.Qg2 Bf6 21.Rfc1 Qc7 22.
Rf1 Rd7 23.Qe2 Bg5 24.f4 Bf6 25.Qf2 Rc8 26.Rfd1 exf4 27.gxf4 e5 28.Rxd7 
Qxd7 29.Rd1 Qe6 30.Rd5 exf4 31.Bxf4 Ng5 32.Bxg5 Bxg5 33.Qf5 Bc1 34.e5 Qxf5
35.Bxf5 Re8 36.b4 g6 37.Bd7 Rd8 38.Kf2 Bb2 39.bxc5 Bxc3 40.Bc6 Rxd5 41.
Bxd5 Bxe5 42.Bxb7 1/2-1/2

[Event "39th WCh U20 Girls"]
[Site "Mexico City MEX"]
[Date "2023.09.22"]
[Round "2.3"]
[White "Tomasi, Elise"]
[Black "Mkrtchian, Mariam"]
[Result "0-1"]
[WhiteElo "2021"]
[BlackElo "2343"]
[EventDate "2023.09.21"]
[PlyCount "90"]

1.Nf3 Nf6 2.g3 d5 3.d4 e6 4.Bg2 Be7 5.O-O O-O 6.c4 c6 7.Nbd2 b6 8.Qc2 Bb7 
9.e4 Na6 10.a3 Rc8 11.e5 Nd7 12.cxd5 cxd5 13.Qd3 Nc7 14.Qe3 a5 15.Ne1 f6 
16.exf6 Bxf6 17.f4 Ba6 18.Nd3 Re8 19.Bh3 Nf8 20.Nf3 Nb5 21.Re1 Nd6 22.Nde5
Rc2 23.Qb3 Qc7 24.Be3 Rc8 25.Rac1 Rxc1 26.Rxc1 Bc4 27.Nxc4 dxc4 28.Qc2 b5 
29.Qe2 Nf5 30.g4 Nxe3 31.Qxe3 Qd6 32.g5 Bd8 33.Re1 Bc7 34.Bxe6+ Nxe6 35.
Qxe6+ Qxe6 36.Rxe6 Bxf4 37.Rb6 Rb8 38.Rc6 Bc1 39.a4 Bxb2 40.axb5 c3 41.d5 
Rxb5 42.Ne5 Kf8 43.d6 Rxe5 44.Rc8+ Kf7 45.d7 Rd5 0-1